00271nam a22000857a 4500082001400000100002400014245008000038260004500118300002200163 a342.3 MUG aMughal, Munir Ahmad aCivil & Criminal Remedies against Dishonour of Cheque /cMunir Ahmad Mughal aLahore :bPopular Law Book House,c2019. a1102 p. ;c24 cm.